000 01194nam a22003377a 4500
003 CHAP
005 20220329135529.0
008 971013s1979 r 00010 d
010 _a38093
011 _a39065
035 _a43185
040 _cCHAP
090 _aTesis
100 0 0 _aMiranda Guerrero, Francisco.
_976077
245 _aContribución al estudio de la incidencia de la fasciolasis hepática en la especie bovina del municipio de San Cristóbal de las Casas, Chiapas
260 _aMéxico, D.F. :
_bEl autor,
_c1979
300 _as.p.
502 _aTesis (Médico Veterinario Zootecnista) -- UNAM. Fac. de Medicina Veterinaria y Zootecnia
590 _aALEPH
_b10
_c20130110
_lUCH01
_h1303
590 _aBATCH-UPD
_b10
_c20130110
_lUCH01
_h0212
590 _aBATCH-UPD
_b10
_c20130110
_lUCH01
_h1301
590 _aBATCH-UPD
_b10
_c20130410
_lUCH01
_h1412
590 _aBATCH-UPD
_b10
_c20130914
_lUCH01
_h1524
590 _aCONVERSION
_b10
_c20130109
_lUCH01
_h1321
650 1 4 _aFasciola hepatica.
_939814
650 1 4 _aGanado vacuno
_xChiapas.
_945442
650 1 4 _aGanado vacuno
_xParásitos.
_945500
901 _aBK
942 _cTESIS
949 _bBC
_cTES
_d-99130
_eTS1
_i43185
_si
999 _c38093
_d38093